[Event "Pinamar Masters 1st"]
[Site "Pinamar"]
[Date "2001.03.18"]
[Round "11"]
[White "Ricardi, Pablo"]
[Black "Andersson, Ulf"]
[Result "1/2-1/2"]
[WhiteElo "2554"]
[BlackElo "2640"]
[Annotator "Ribli,Z"]
[PlyCount "65"]
[EventDate "2001.03.08"]
[EventType "tourn"]
[EventRounds "11"]
[EventCountry "ARG"]
[EventCategory "8"]
[SourceTitle "CBM 082"]
[Source "ChessBase"]
[SourceDate "2001.05.17"]
[SourceVersion "1"]
[SourceVersionDate "2001.05.17"]
[SourceQuality "1"]

1. e4 c5 2. Nf3 e6 3. d4 cxd4 4. Nxd4 Nc6 5. Nc3 a6 6. Be2 Qc7 {Der
schwedische GM spielt schon seit Jahren gerne die sogenannte Taimanov-Paulsen
Variante.} 7. O-O Nf6 8. Kh1 Nxd4 9. Qxd4 Bc5 10. Qd3 b5 11. f4 Bb7 12. Bf3 O-O
{Die prinzipielle Alternative wäre 12...h5, aber das entspricht nicht dem Stil
des schwedischen GMS.} 13. e5 Ne8 14. a4 {In der Sizilianischen Verteidigung
muss Schwarz generell bei einer Bauernstellung auf a6-b5 immer mit a4 rechnen.
Der Sinn dieses Zuges besteht darin, den schwarzen Damenflügel zu schwächen.} (
14. Bxb7 Qxb7 15. Ne4 (15. f5 f6 $1 16. exf6 Nxf6 17. Bg5 Qc6 18. Bxf6 $1 Rxf6
19. fxe6 Rxf1+ 20. Rxf1 dxe6 21. Qe4 Rc8 22. Qxc6 Rxc6 {1/2-1/2 Beliavsky,
A-Andersson,U/Szirak (izt) 1987/Mikhalchishin) (35)}) 15... Be7 16. f5 f6 17.
Bd2 fxe5 18. fxe6 dxe6 19. Rxf8+ Bxf8 20. Rf1 Qd5 21. Qh3 Nd6 22. Ng5 h6 23.
Qxe6+ Qxe6 24. Nxe6 Nc4 {1/2-1/2 Olafsson,F-Andersson,U/Wijk aan Zee 1983/MCD 
(56)}) (14. Ne4 Be7 15. a4 b4 16. Bd2 $13) 14... b4 15. Bxb7 Qxb7 {Theoretisch
ist der Tausch der weißfeldrigen Läufer von Vorteil für Schwarz, denn
anschließend kann er seinen Springer auf f5 oder d5 platzieren.} 16. Ne4 Be7
17. Be3 Qc6 {[%csl Gc6][%cal Gc6a4,Gc6c2]} 18. Rad1 {Dieser Zug scheint
logisch, denn das Feld d6 befindet sich unter starker weißer Kontrolle und der
Pd7 ist eine potentielle Schwäche.} (18. f5 f6 19. fxe6 dxe6 20. exf6 Nxf6 21.
Ng5 Rad8 22. Bd4 Rd5 $15 23. Qe3 e5 24. Bxe5 Ng4 25. Rxf8+ Bxf8 26. Qf4 Nxe5
27. Rf1 Qf6 28. Qc1 Qd6 29. Qf4 Rd1 {0-1 Sibarevic,M-Rajkovic,D/Niksic 1996/
EXT 2000 (29)}) (18. Ng5 $5 g6 $1 (18... Bxg5 $2 19. fxg5 Nc7 20. Rf4 $1 Nd5
21. Rc4 Qb7 22. Bc5 Rfc8 23. Rf1 g6 24. Qh3 $1 {1-0 Anand,V-Ribli,Z/Novi Sad
1990/TD/[Ftacnik] (31)}) 19. Rad1 d6) 18... d5 $1 $11 (18... Rd8) 19. Ng3 (19.
exd6 Nxd6 20. Nxd6 Rad8 21. Nf5 (21. Qe4 Rxd6 22. Qxc6 Rxc6 $15 {[%csl Rc2]
[%cal Gf8c8,Gc8c2]}) 21... exf5 (21... Rxd3 $4 22. Nxe7+ $18) 22. Qxf5 g6 23.
Qe5 (23. Qa5 Rxd1 24. Rxd1 Qxc2 $132) 23... Bf6 $11) 19... g6 {[%cal Ge8g7]
[%mdl 256] Auch dieser Zug ist typisch - er richtet sich gegen 20.f5. Zudem
bereitet Schwarz das Manöver 20...Ng7 vor.} (19... Qxa4 20. f5 $44) 20. f5 $5 {
[%mdl 512]} exf5 (20... gxf5 $6 21. Bh6 Ng7 22. Ne4 $44 {[%cal Rd3g3,Rg3g7]})
21. Bh6 (21. Qxd5 Qxd5 22. Rxd5 Rc8 $11) 21... Ng7 22. Ne2 $13 {[%cal Ge2f4,
Gf4d5] Weiß hat einen Bauern weniger, aber der Pd5 ist schwach.} (22. Qxd5 Qxc2
$15) 22... Bc5 (22... Rfe8) 23. Qf3 {[%cal Gf3c6]} (23. Nf4 d4 $15) 23... Rfe8
{Schwarz kümmert sich nicht um die Verteidigung des Pd5, sondern macht
seinerseits einen neuen Angriffspunkt aus: den Pe5.} (23... Rad8 24. Nf4 $13)
24. Nf4 Rxe5 25. Nxd5 {[%csl Gd5] Der Nd5 steht ausgezeichnet, es droht 26.
Ne7+ mit Gewinn.} Rc8 26. c4 $1 {Weiß stützt seinen Springerposten auf d5.} Bf8
(26... bxc3 27. Qxc3 f6 (27... Qe6 28. Rde1 {[%csl Re5]} Be3 29. Ne7+ $18) 28.
Qc4 (28. Nxf6+ Qxf6 29. Rd5 Re6 30. Rxc5 Qxc3 31. Rxc3 Rxc3 32. bxc3 Re4 $15)
28... Kh8 29. b4 $13) (26... Qxa4 $2 27. Nf6+ Kh8 28. Qb7 Rf8 29. Rd7 $18) 27.
b3 {Schwarz hat einen Bauern mehr, aber seine Bauern sind schwer zu
mobilisieren. Zudem ist Nd5 gefährlicher als das hölzerne Pferd von Troja. Mit
dem Textzug konsolidiert Weiß seine Bauernstellung am Damenflügel und bereitet
das Manöver Bc1-b2 vor.} a5 28. Bc1 {[%cal Rc1b2,Rb2h8]} Ne8 (28... Re6) 29. h3
(29. Bb2 Re4 $13) 29... Qe6 30. Nf4 Qe7 (30... Qc6 31. Nd5) 31. Nd5 Qe6 32. Nf4
Qe7 33. Nd5 {Hier wurde die Partie - aufgrund von Stellungswiederholung -
Remis gegeben.} 1/2-1/2

[Event "EU-Cup 15th final"]
[Site "Bugojno"]
[Date "1999.10.31"]
[Round "3"]
[White "Van der Wiel, John"]
[Black "Fominyh, Alexander"]
[Result "1/2-1/2"]
[WhiteElo "2544"]
[BlackElo "2552"]
[Annotator "Ribli,Z"]
[PlyCount "49"]
[EventDate "1999.10.29"]
[EventType "team-k.o."]
[EventRounds "3"]
[EventCountry "BIH"]
[SourceTitle "EXT 2020"]
[Source "ChessBase"]
[SourceDate "2019.10.17"]
[SourceVersion "1"]
[SourceVersionDate "2019.10.17"]
[SourceQuality "1"]
[WhiteTeam "Breda Panfox"]
[BlackTeam "Tomsk Siberia"]
[WhiteTeamCountry "NED"]
[BlackTeamCountry "RUS"]

1. e4 {Meulders} c5 2. Nf3 e6 3. d4 cxd4 4. Nxd4 Nc6 5. Nc3 Qc7 6. Be2 a6 7.
O-O Nf6 8. Kh1 {Nach diesem Zug kann Schwarz w�hlen - mit 8...d6 die
Scheweninger Variante oder 8...Nxd4 9.Qxd4 Bc5, die dritte Hauptm�glichkeit
ist 8...Bb4. Meulders: 'Dieser Tempozug wird schon lange gespielt um die
schwierigen theoretischen Varianten nach 8.Be3 Bb4 zu vermeiden.'} Bc5 {
'!?' Meulders. Fominyh ist seiner h�uslichen Variante treu. Nach 8.Be3
spielt er diese Fortsetzung auch. Aber es gibt einen gro�en Unterschied - im
Falle 8.Be3 Bc5 muss sich der wei�e e3B fr�her oder sp�ter gegen c5B
tauschen. Meulders: 'Ein relativ neuer Versuch statt das bekannte 8...Nxd4.'}
9. Nxc6 {Meulders: 'Gilt als das beste.'} (9. Nb3 Ba7 (9... Bb4 10. Bd3 (10.
Qd3 Bxc3 11. bxc3 Qe5 12. Nd2 d5 13. f4 dxe4 14. Qh3 Qc7 15. Ba3 {1/2-1/2
Lekic,D-Mackic,Z/Niksic 1996/EXT 99 (44)}) 10... Bxc3 11. bxc3 b6 12. f4 d6 13.
Ba3 Bb7 14. Qe2 e5 15. Rad1 O-O 16. f5 Ne7 17. Nd2 Rfd8 18. c4 b5 19. Bb2 Rac8
20. cxb5 axb5 21. Rf3 Nh5 22. Qe3 Nf4 23. Rxf4 exf4 24. Qxf4 {~= 1-0 Kovalev,
A-Gorjatschkin,W/ Muenster 1990/EXT 97 (37)}) (9... Be7 $5) 10. f4 d6 11. Qd3 (
11. Bf3 O-O 12. Qe1 Nd4 13. Nxd4 Bxd4 14. Be3 e5 15. Rd1 Bxe3 16. Qxe3 Be6 17.
f5 Bd7 18. g4 Bc6 19. g5 {1-0 Zagrebelny,S-Kotsur,P/Singapore 1995/CBM 50 ext 
(46)}) 11... O-O 12. Qg3 d5 13. e5 Ne4 14. Nxe4 dxe4 15. Be3 b5 16. Nd2 Bb7 17.
Nxe4 Bxe3 18. Qxe3 Nb4 19. Bd3 Nxd3 20. cxd3 Bxe4 21. dxe4 Rac8 22. Rac1 Qb7
23. h3 {+/- 1/2-1/2 Garcia,G-Morovic Fernandez,I/Cienfuegos 1996/CBM 54 (52)})
(9. Be3 Ne7 10. f4 d6 11. Qd2 (11. Qe1 O-O 12. Rd1 b5 13. e5 dxe5 14. fxe5 Nfd5
15. Nxd5 Nxd5 16. Bf3 Nxe3 17. Qxe3 Bb7 {0-1 Ostos,J-Morovic Fernandez,I/
Erevan 1996/ EXT 97 (82)}) 11... O-O 12. a3 b5 13. b4 Bb6 14. Bd3 e5 15. fxe5
dxe5 16. Nde2 Ng4 17. Bxb6 Qxb6 18. Ng3 Be6 19. Rae1 Rad8 20. h3 Nh6 21. Nh5
Kh8 22. Qg5 Ng6 23. Nxg7 Kxg7 24. Qf6+ Kg8 25. Qg5 {1/2-1/2 Svidler,P-Phominyh,
A/Russia (ch) 1995/Inf 65 (25)}) 9... bxc6 {Gew�hnlich bietet dieser Zug
Schwarz mehr als das gen�gsame 9...dxc6, wonach Schwarz weniger Gegenspiel
hat. Meulders: 'Die Idee diese Zuges ist um bald ein starkes Zentrum mit ...d5
zu bilden.'} (9... dxc6 10. f4 O-O 11. e5 Rd8 12. Bd3 Nd7 13. Ne4 Be7 14. Qh5
Nf8 15. Be3 c5 16. Rad1 b6 17. Qg4 {1-0 Polgar,J-Vescovi,G/Cap d'Agde 1998/EXT
99 (84)} (17. Qg4 {Meulders} Bb7 18. Nf6+ $40 {1-0 Polgar,J-Vescovi,G/Cap
d'Agde 1998/EXT 99 (84)})) 10. f4 {Diese Stellung w�re sehr gut bekannt -
mit e7-L�uferstellung.} (10. Bg5 h6 (10... Be7 {Meulders}) 11. Bxf6 gxf6 12.
Bh5 {'+/-' Meulders.} Rb8 $2 {Wie kann man (als Grossmeister) dieses bekannte
Motiv �ebersehen?} (12... d5 {Meulders} 13. Qg4 Kf8 14. Rad1 {+=}) 13. Bxf7+
{'!' Meulders.} Kf8 (13... Kxf7 14. Qh5+ {+/-}) 14. f4 Be3 15. Bh5 Rxb2 16. Qg4
Rg8 17. Qh4 Qd8 18. Nd1 {1-0 David,A-Fominyh,A/Elista 1998/CBM 66 ext (39)
'+-' Meulders. Meulders: '1-0 David,A-Fominyh,A/Elista 1998/CBM 66 ext (39)'})
10... d5 (10... d6 11. b3 {+= In diesem Fall ist der c5B zu weit vom schwarzen
K�nigsfl�gel entfernt, was Weiss bessere Angriffchancen gibt.}) 11. e5 Nd7
12. Na4 {Dieser Zug kommt jetzt mit Tempo, aber es ist immer ein bekannter
Plan f�r Weiss (auch bei e7-L�uferstellung) mit folgendem c2-c4 am
Damenfl�gel zu spielen.} Ba7 (12... Be7 13. c4 {+=} (13. c4 {Meulders} Nb6
14. Be3 Nxa4 15. Qxa4 Bd7 16. Qc2 Qb7 17. Bd3 g6 18. Qf2 {+= 1/2-1/2 Bologan,
V-Vescovi,G/Elista 1998/CBM 66 ext (63)})) 13. c4 O-O {= Weiss hat Raumvorteil
und Chancen am Damenfl�gel, aber Schwarz hat eine sehr massive
Zentrumsstellung.} 14. Bd2 {'=' Meulders.} (14. b3 $5) 14... d4 $5 {Schwarz
hat Angst von der �ffnung der c-Linie.} (14... Bb7 15. cxd5 cxd5 16. Rc1 {+=}
) 15. Qe1 (15. Bd3 $5 Rd8) 15... Bb7 (15... c5 16. Ba5 Qb8 17. Bf3 Bb7 {=}) 16.
Ba5 (16. Bf3 c5 {=}) 16... Qc8 17. c5 $5 {Weiss opfert zeitweilig einen Bauern
und �ffnet die Stellung am Damenfl�gel.} (17. Bd3 {Meulders} c5 18. Qh4 h6
{=}) 17... Nxc5 18. Nb6 (18. Nxc5 Bxc5 19. Rc1 Be7 20. Qd2 c5 21. b4 {~=})
18... Bxb6 19. Bxb6 {Weiss hat L�uferpaar und im n�chsten Zug gewinnt er
den Bauern zur�ck.} Nd7 20. Bxd4 c5 {Endlich kann Schwarz die Diagonale des
b7-L�ufers �ffnen und der wei�e dunkelfarbige L�ufer hat keine guten
Zielpunkte. Die kleine schwarze Bauernschw�chung (c5 - isolierter Bauer) hat
keine gro�e Bedeutung, da Schwarz die halboffene b-Linie und eine
potentielle Springerstellung auf d5 hat.} 21. Be3 (21. Rc1 {Meulders} Bc6 22.
Bf3 Bxf3 23. Rxf3 Qb7 {=}) 21... Qc6 22. Rf2 (22. Bf3 Qc7 {=}) (22. Qf2 $5 {
Meulders} f6 23. Bf3 Qc7 24. Bxb7 Qxb7 25. exf6 Nxf6 26. b3 Nd5 27. Rac1) 22...
Rfc8 23. Rd1 Qc7 24. Bf1 (24. Rd6 $6 Nf6 $132) 24... Bd5 25. a3 {In dieser -
ungef�hr gleichen Stellung - wurde Remis gegeben.} (25. a3 c4 {=}) 1/2-1/2

[Event "Bundesliga 9900"]
[Site "Germany"]
[Date "2000.03.12"]
[Round "12.6"]
[White "Kasimdzhanov, Rustam"]
[Black "Heissler, Jakob"]
[Result "1-0"]
[WhiteElo "2614"]
[BlackElo "2447"]
[Annotator "Ribli,Z"]
[PlyCount "57"]
[EventDate "1999.10.09"]
[EventType "team-tourn"]
[EventRounds "15"]
[EventCountry "GER"]
[SourceTitle "CBM 076"]
[Source "ChessBase"]
[SourceDate "2000.05.31"]
[SourceVersion "1"]
[SourceVersionDate "2000.05.31"]
[SourceQuality "1"]
[WhiteTeam "Solingen"]
[BlackTeam "Werder Bremen"]
[WhiteTeamCountry "GER"]
[BlackTeamCountry "GER"]

1. e4 c5 2. Nf3 e6 3. d4 cxd4 4. Nxd4 Nc6 5. Nc3 Qc7 6. g3 a6 {Das ist die
gewöhnliche Fortsetzung, nach 6...Nf6 kann Weiß mit 7.Bf4! Vorteil erreichen.
Die Alternative für Schwarz ist 6...d6.} 7. Bg2 Nf6 8. O-O Be7 (8... Bc5 {
Heutzutage genießt dieser Zug große Popularität - Schwarz strebt sofortiges
Gegenspiel an und sorgt sich nicht darum, dass der Läufer den Königsflügel
verlassen hat.}) (8... d6 9. Re1 Rb8 (9... Be7 10. Nxc6 bxc6 11. e5 dxe5 12.
Rxe5 $14) 10. Nxc6 bxc6 11. e5 dxe5 12. Rxe5 Qxe5 13. Bf4 Qc5 14. Bxb8 $14) 9.
Re1 O-O {Diese Variante verschafft Schwarz nahezu Ausgleich .} (9... d6 10.
Nxc6 bxc6 11. e5 dxe5 12. Rxe5 $14 {Weiß hat die bessere Bauernstruktur.}) (
9... Nxd4 10. e5 $5 $36 (10. Qxd4 Bc5 $132 {Es trifft zwar zu, dass Schwarz
mit 8...Be7, 9...Bc5 ein Tempo verloren hat, dafür aber erhält er durch das
eventuelle Ng4 Gegenspiel.})) 10. Nxc6 dxc6 11. e5 {Weiß muss so spielen,
sonst kommt Schwarz zu e6-e5 mit vollem Ausgleich.} Rd8 12. Qf3 (12. Qe2 Nd5
13. Ne4 Qxe5 14. c4 $44) (12. Bd2 Nd5 13. Qg4 Nxc3 14. Bxc3 b5 $11) 12... Nd5 {
Weiß hat Raumvorteil, und die Entwicklung des Bc8 bereitet Schwarz Probleme.
Dennoch ist die schwarze Stellung sehr solide.} 13. h4 h6 {Damit unterbindet
Schwarz das mögliche Bg5, schwächt zugleich aber seinen Königsflügel. Nach
meiner persönlichen Meinung bringt die Fortsetzung 13...Nxc3 Schwarz Ausgleich
und gutes Spiel.} (13... Nxc3 14. Qxc3 Bd7 15. Bg5 Be8 16. b4 $5 (16. Be4 c5
17. Bxe7 Qxe7 18. Rad1 Qc7 19. b4 Rxd1 20. Rxd1 Rc8 21. Qxc5 Qxc5 22. bxc5 Rxc5
23. Bxb7 Rxc2 24. Rd8 Kf8 25. Ra8 Rc5 26. Rxa6 Rxe5 {1/2-1/2 Kindermann,
S-Ribli,Z/Munich 1990/CBM 18 (31)}) (16. Re4 c5 17. Rg4 Bxg5 18. hxg5 Rac8 {
1/2-1/2 Velimirovic,D-Ribli,Z/Reggio Emilia 1986/CBM 04 (18)}) (16. Rad1 Rxd1
17. Rxd1 Bf8 18. Be4 c5 19. b3 Rc8 20. a4 {1/2-1/2 Huebner,R-Tal,M/Germany
1990/GER-chT (20)}) 16... a5 (16... Bxg5 $5 17. hxg5 a5 18. b5 Rac8 $11) 17. a3
(17. Bxe7 Qxe7 18. bxa5 Qc7 19. Reb1 (19. Rab1 Qxa5 20. Qxa5 Rxa5 21. Rxb7 Rxa2
$11) 19... Qxa5 20. Qxa5 Rxa5 21. Rxb7 Rxe5 22. a4 Ra5 $11 {Umanskaya,I}) 17...
axb4 18. axb4 Rxa1 19. Rxa1 Bxg5 20. hxg5 Qb6 $11 {Georgiev,K-Umanskaya,I/
Komotini 1993/Inf 58 (20)}) (13... Bd7) 14. Qg4 (14. a3 b5 15. Qe4 Kh8 16. Bd2
c5 {1/2-1/2 Jansa,V-Ehlvest,J/Port Erin 1998/CBM 67 ext (16)}) (14. Bf1 Nxc3
15. Qxc3 b5 16. a4 b4 17. Qc4 c5 18. Bg2 Bb7 {0-1 Permuy,C-Paunovic,D/La
Coruna 1995/EXT 97 (29)}) 14... Kh8 (14... Nxc3 $2 15. Bxh6 Bf8 16. bxc3 $16)
15. Qh5 Bf8 {Ich empfehle hier zuerst den Springerabtausch auf c3 und erst
nach 16.bxc3 Bf8. In der Partie bekommt Weiß starke Initiative.} (15... Nxc3
16. bxc3 Bf8 17. Bg5 Rd7 18. Red1 Kg8 19. Be4 Rxd1+ 20. Rxd1 g6 21. Bxg6 fxg6
22. Qxg6+ Qg7 23. Qxg7+ Bxg7 24. Bf4 b5 {Die schwarze Strategie ist einfach:
c6-c5 nebst Bb7 mit Gewinnstellung. Weiß kann hier eigentlich nichts machen.}
25. Rd8+ Kh7 26. h5 c5 27. g4 Bb7 28. Rd7 Bf3 29. g5 hxg5 30. Bxg5 Kh8 {
0-1 Marinkovic,S-Paunovic,D/Kladovo 1991/TD (30)}) 16. Ne4 $5 $146 {Weiß droht
17.c4 mit Vertreibung des Nd5.} b5 (16... g6 17. Qf3 b5 18. Nd6 f5) 17. Nd6 $1
{[%mdl 512] Weiß opfert einen Bauern für Aktivität am Königsflügel.} Bxd6 18.
exd6 Rxd6 (18... Qxd6 19. Qxf7 e5 $14) 19. b3 $44 {[%cal Gc1b2,Gb2h8] Weiß hat
dauerhaft Kompensation für den Bauern. Einerseits kann er den Läufer gut auf
b2 postieren und anschließend den Nd5 mit c4 verjagen. Andererseits kann der
Bc1 auch auf seinem Platz verweilen, denn nach c2-c4 bekommt der Läufer
Drohungen auf der Diagonlae c1-h6.} Qd8 $2 {Damit gibt Schwarz den
Materialvorteil zurück und behält die schlechtere Stellung.} (19... Nf6 20. Qf3
$44) (19... b4 20. a3 $44) (19... c5 20. Bxh6 gxh6 21. c4 $40) 20. Qxf7 $14 {
Weiß hat - bei augeglichenem Material - das Läuferpaar und die bessere
Bauernstruktur.} Qg8 (20... b4 21. a3 $14) 21. Qh5 {Weiß behält die Damen auf
dem Brett und möchte nach 22.Bb2 mit 23.Qxh6+ fortsetzen.} (21. Qxg8+ Kxg8 22.
c4 bxc4 23. Ba3 Rd8 24. bxc4 $16) 21... Nf6 22. Qe5 {[%csl Ge5]} Qd8 23. Bf4
$16 {Mit diesem einfachen Zug gewinnt Weiß Material.} Rd5 {Schwarz bleibt
keine andere Wahl, als die Qualität zu geben.} 24. Bxd5 cxd5 {[%mdl 1024]} 25.
Rad1 {Weiß hat nicht nur einfach eine Qualität mehr, sondern auch die bessere
Stellung. Sein positioneller Druck ist spürbar, und der Bc8 steht schlecht.} b4
26. Qd4 Qf8 27. Be5 Bd7 28. Re3 $18 {Das Erscheinen des Turms auf der dritten
Reihe ist tödlich für Schwarz.} Re8 (28... Ne8 29. c4 Bc6 30. cxd5 Bxd5 31. Rc1
$18) 29. Rf3 {Schwarz gab in verlorener Stellung auf - er verliert weiteres
Material, und der weiße Angriff bleibt stark.} 1-0

[Event "YUG-ch 56th"]
[Site "Herceg Novi"]
[Date "2001.04.02"]
[Round "10"]
[White "Pavlovic, Milos"]
[Black "Ivanisevic, Ivan"]
[Result "1/2-1/2"]
[WhiteElo "2496"]
[BlackElo "2560"]
[Annotator "Ribli,Z"]
[PlyCount "53"]
[EventDate "2001.03.23"]
[EventType "tourn"]
[EventRounds "15"]
[EventCountry "YUG"]
[EventCategory "10"]
[SourceTitle "CBM 083"]
[Source "ChessBase"]
[SourceDate "2001.07.05"]
[SourceVersion "1"]
[SourceVersionDate "2001.07.05"]
[SourceQuality "1"]

1. e4 c5 2. Nf3 e6 3. d4 cxd4 4. Nxd4 Nc6 5. Nc3 Qc7 6. Be2 a6 7. O-O Nf6 8.
Kh1 {Dieser Wartezug ist in jüngster Zeit ebenso populär wie die eigentliche
Hauptvariante 8.Be3. Die Idee dabei ist, dass Weiß sich noch nicht auf eine
Platzierung des Bc1 festlegt. Zudem ist der Königszug praktisch immer nützlich
bei Stellungen mit Be2.} (8. Be3) 8... Nxd4 {Diese Fortsetzung ist populär,
aber die Alternativen 8...b5, 8....Bb4 oder der Übergang in die Scheweninger
Variante mit 8...d6 sind auch gut spielbar.} 9. Qxd4 Bc5 10. Qd3 b5 (10... h5 {
Auch dieser Zug ist interessant, wird aber seltener gespielt als die
Partiefortsetzung. Schwarz will sich damit - in einigen Varianten - den Zug
b7-b5 sparen.}) 11. f4 Bb7 (11... h5 $2 {In vielen Stellungen dieser Variante
gehen die Züge b5 und h5 zusammen, hier jedoch nicht.} 12. e5 Ng4 13. Qh3 $36
Nf2+ 14. Rxf2 Bxf2 15. Qf3 Qa7 16. Ne4 Bb6 17. a4 $16) 12. Bf3 (12. e5 {
Dieser Zug ist gewöhnlich gut, hier aber käme er zu früh.} Nd5 13. Ne4 Be7 (
13... Nb4 $15)) (12. a4 $5) 12... O-O {Das ist die ruhige Fortsetzung - die
Alternative führt zu scharfem Spiel. Mit dem Textzug bringt Schwarz seinen
König in Sicherheit.} (12... b4 $6 13. e5 bxc3 14. exf6 $14) (12... h5) 13. e5
Ne8 14. Bxb7 (14. Ne4) 14... Qxb7 15. f5 (15. Ne4) (15. a4 b4 16. Ne4) 15... f6
{Schwarz möchte die weißen Zentrumsbauern abtauschen.} (15... exf5 16. Rxf5 $40
) 16. Bf4 exf5 $5 (16... Be7 17. Rae1 fxe5 18. Bxe5 Qc6 19. fxe6 Rxf1+ 20. Rxf1
dxe6 21. Ne4 Qd5 22. Qf3 h6 23. Qf4 Rc8 24. Nc3 Qc4 25. Qf7+ Kh8 26. Rf4 Qc5
27. Qxe6 {1/2-1/2 Dworakowska,J-Blimke,D/Brzeg Dolny 2000/CBM 77 ext (49)}) (
16... Qc6 17. Rad1 (17. Ne4 $6 Be7 18. Rae1 fxe5 19. Bxe5 exf5 20. Ng3 g6 $15)
(17. a4 b4 18. Ne4 Be7 $11) 17... exf5 18. Qxd7 Qxd7 19. Rxd7 fxe5 20. Bxe5 {
1-0 Van den Doel,E-Hendriks,W/NED 2000/CBM 75 ext (40)}) (16... fxe5 17. Bxe5
exf5 18. Rxf5 Rxf5 19. Qxf5 d6 20. Bg3 $14) 17. a4 {Dieser - auf den ersten
Blick - überraschende Zwischenzug ist die beste Fortsetzung für Weiß. Damit
beabsichtigt er die Schwächung des schwarzen Damenflügels.} (17. Qxf5 fxe5 18.
Qxe5 Bd6 19. Qd4 Rxf4 20. Rxf4 Bxf4 21. Qxf4 Nf6 {1/2-1/2 Oll,L-Hernandez,G/
Chicago op 1997 (30)}) (17. Nd5) 17... fxe5 18. Bxe5 d6 $5 (18... b4 $6 19.
Qc4+ Kh8 20. Qxc5 d6 21. Qd5 $1 {1-0 Anand,V-Kasimdzhanov,R/Wijk aan Zee 1999/
CBM 69/[Ribli] (39)}) 19. axb5 {[%mdl 4]} (19. Bg3 b4 (19... bxa4 20. Rxa4 Rf7
(20... Qxb2 $2 21. Qd5+) 21. b3 Nc7 22. Rxf5 Rxf5 23. Qxf5 Rf8 24. Qd3 $14) 20.
Nd5 Nf6 21. Rxf5 Nxd5 22. Rxd5 Rae8 23. Rd1 Re3 24. Qd2 $4 (24. Qc4 $1 Qf7 25.
Bf2 $1 $14) 24... Qf7 $1 {0-1 Kozlov,O-Shaposhnikov,E/Moscow 2000/EXT 2001 (29)
}) 19... axb5 20. Rxa8 Qxa8 21. Qxb5 (21. Nxb5 Qe4 (21... dxe5 22. Qc4+ Rf7 23.
Qxc5 $14) 22. Bd4 (22. Qxe4 fxe4 23. Rxf8+ Kxf8 $11) 22... Qxd3 23. cxd3 Rf7
$11) 21... dxe5 22. Qxc5 {Die weiße Stellung ist zwar etwas aktiver, aber
angesichts des reduzierten Materials ist das zu wenig für einen echten Vorteil.
.} Qb8 {[%cal Gb8e5,Gb8b2]} 23. Nd5 {Bis jetzt folgten beide Spieler den
Anmerkungen Anands zur seiner Partie gegen Kasimdzhanov. (Siehe 18...b4?!)} Qd6
$11 (23... Qxb2 $4 24. Ne7+ Kh8 25. Ng6+ $18) 24. Ne7+ (24. b4 Rf7 $11) 24...
Kh8 25. Qxd6 (25. b4 f4 $11 26. Re1 $6 e4 27. Rxe4 f3 28. Re1 fxg2+ 29. Kg1 $13
(29. Kxg2 Qd2+ $19)) 25... Nxd6 {[%mdl 4096] Die verbundenen weißen Freibauern
stehen noch hinten, die schwarzen stehen auf f5 und e5 und sind gut zu
verteidigen. Die Stellung ist ausgeglichen.} 26. Rd1 Nc4 27. Nxf5 (27. Nxf5
Nxb2 28. Ra1 $11) (27. b3 Ne3 $11) 1/2-1/2